000 00597nam a22002057a 4500
010 _aB-223138
020 _c315.00
035 _aB-223138
037 _aCen Lib/Ret
040 _aDPL
_bEN
082 _a000
_bGYA
100 _aGyan Prakash
_9138656
245 _aLLB entrance exam
_cby Gyan Prakash
260 _aNew Delhi
_bRamesh Publishing House
_c2008
270 _aRamesh Publishing House
_bDelhi
300 _avarious pages ;
_b24cm(Hb)
650 _aLLB examination - guide
_9114847
650 _aEntrance examination - guide
_9114848
942 _2ddc
_cEN
_h000
_mGYA
999 _c136264
_d136264